000 00440nam a2200157 i 4500
001 101740
003 ES-MaACL
005 20230906182952.0
007 t|
008 051025s1970 sp ||||1| spa d
100 1 _aMelero, Santiago.
_979944
245 1 0 _aCuentos breves para historias largas /
_cSantiago Melero.
260 _aMadrid :
_bEditora Nacional,
_c1970.
300 _a137 p. ;
_c22 cm.
852 _aES-MaACL
_jC-46133
_bR.73968
999 _c101740
_d101740